OPAC Home

Wildlife of Wilpattu at Lens Range (Record no. 13443)

MARC details
000 -LEADER
fixed length control field 00399nam a2200157Ia 4500
008 - FIXED-LENGTH DATA ELEMENTS--GENERAL INFORMATION
fixed length control field 180921t2012 xxu||||| |||| 00| 0 eng d
041 ## - LANGUAGE CODE
Language code of text/sound track or separate title English
080 ## - UNIVERSAL DECIMAL CLASSIFICATION NUMBER
Universal Decimal Classification number 59
Item number WIJ
942 ## - ADDED ENTRY ELEMENTS (KOHA)
Koha item type Books
003 - CONTROL NUMBER IDENTIFIER
control field LK-CoDNM
040 ## - CATALOGING SOURCE
Original cataloging agency LK-CoDNM
Modifying agency LK-CoDNM
Description conventions LK-CoDNM
100 ## - MAIN ENTRY--PERSONAL NAME
Personal name Wijeratne, Chanith
245 ## - TITLE STATEMENT
Title Wildlife of Wilpattu at Lens Range
260 ## - PUBLICATION, DISTRIBUTION, ETC. (IMPRINT)
Name of publisher, distributor, etc. Tissa Wijeratne
Place of publication, distribution, etc. Australia
Date of publication, distribution, etc. 2012
300 ## - PHYSICAL DESCRIPTION
Extent 67, 21 cm
Holdings
Withdrawn status Lost status Damaged status Not for loan Collection code Permanent Location Current Location Date acquired Full call number Barcode Koha item type
        Science Library National Museum Colombo - Sri Lanka Library National Museum Colombo - Sri Lanka 2023-06-11 59 WIJ P37777 Books
Copyright © 2023 Department of National Museum, Colombo 07, Sri Lanka Funded by UNESCO IFAP UNESCO